Spoločenské uznanie mladých výskumníkov v Slovenskej republike

Guardado en:
Detalles Bibliográficos
Autor principal: Antalová, Mária, 1952-
Formato: Capítulo de libro
Lenguaje:eslovaco
Etiquetas: Agregar Etiqueta
Sin Etiquetas, Sea el primero en etiquetar este registro!

MARC

LEADER 00000naa$a2200000$$$4500
001 0111513
005 20240502072232.3
041 0 |a slo 
044 |a SK 
245 1 0 |a Spoločenské uznanie mladých výskumníkov v Slovenskej republike  |c Mária Antalová 
100 1 |a Antalová, Mária, 1952-